| 000 | 00405nam a2200145Ia 4500 | ||
|---|---|---|---|
| 008 | 231129s2001||||xx |||||||||||||| ||spa|| | ||
| 020 | _a958-682-208-7 | ||
| 040 | _bspa | ||
| 082 | _a330.9861 ó15u | ||
| 100 | _aOcampo Jose Antonio | ||
| 245 | 0 | _aUn futuro económico para Colombia | |
| 260 | _c2001 | ||
| 264 | _aBogotá Colombia: Alfaomega | ||
| 942 |
_2ddc _cBKS |
||
| 999 |
_c25840 _d25840 |
||